[Event "12th Chennai Open 2020"]
[Site "Chennai"]
[Date "2020.01.20"]
[Round "4.10"]
[White "Deshmukh, Anup"]
[Black "Das, Sayantan"]
[Result "0-1"]
[WhiteElo "2163"]
[BlackElo "2424"]
[Annotator "ChessBase"]
[PlyCount "52"]
[EventDate "2020.01.19"]
[EventType "swiss"]
[EventCountry "IND"]
[SourceTitle "playchess.com"]
[Source "ChessBase"]
[SourceQuality "1"]
[TimeControl "5400+30"]

1. c4 {[%emt 0:04:27]} Nf6 {[%emt 0:00:00]} 2. Nc3 {[%emt 0:00:13]} g6 {[%emt 0:00:29]} 3. d4 {[%emt 0:02:18]} Bg7 {[%emt 0:00:14]} 4. Nf3 {[%emt 0:00:09]} O-O {[%emt 0:00:16]} 5. e4 {[%emt 0:00:27]} d6 {[%emt 0:00:05]} 6. Be2 {[%emt 0:01:03]} Bg4 {[%emt 0:05:33]} 7. Be3 {[%emt 0:00:34]} Nfd7 {[%emt 0:02:50]} 8. O-O {[%emt 0:02:11]} c5 {[%emt 0:01:12]} 9. d5 {[%emt 0:04:59]} Na6 {[%emt 0:01:42]} 10. Qd2 {[%emt 0:01:47]} Nc7 {[%emt 0:05:15]} 11. Bg5 {[%emt 0:14:52]} a6 {[%emt 0:06:17]} 12. a4 {[%emt 0:09:47]} Rb8 {[%emt 0:02:57]} 13. Rfe1 {[%emt 0:01:52]} Bxf3 {[%emt 0:02:32]} 14. Bxf3 {[%emt 0:00:23]} b5 {[%emt 0:01:53]} 15. axb5 {[%emt 0:01:14]} axb5 {[%emt 0:00:06]} 16. Ra7 {[%emt 0:04:30]} bxc4 {[%emt 0:07:01]} 17. Bxe7 {[%emt 0:12:41]} Qxe7 {[%emt 0:00:26]} 18. Rxc7 {[%emt 0:00:07]} Qd8 {[%emt 0:02:40]} 19. Ra7 {[%emt 0:00:31]} Bd4 {[%emt 0:05:10]} 20. Nd1 {[%emt 0:05:18]} Ne5 {[%emt 0:03:07]} 21. Be2 {[%emt 0:00:13]} Qh4 {[%emt 0:02:29]} 22. Ra3 {[%emt 0:07:55]} Rxb2 {[%emt 0:10:58]} 23. Nxb2 {[%emt 0:05:39]} Qxf2+ {[%emt 0:00:50]} 24. Kh1 {[%emt 0:00:07]} Bxb2 {[%emt 0:00:24]} 25. Rf1 {[%emt 0:03:55]} Qd4 {[%emt 0:01:50]} 26. Qxd4 {[%emt 0:00:57]} cxd4 {[%emt 0:00:12]} 0-1

[Event "12th Chennai Open 2020"]
[Site "Chennai"]
[Date "2020.01.20"]
[Round "4.11"]
[White "Khusenkhojaev, Muhammad"]
[Black "Ramakrishna, J.."]
[Result "1-0"]
[WhiteElo "2420"]
[BlackElo "2068"]
[Annotator "ChessBase"]
[PlyCount "74"]
[EventDate "2020.01.19"]
[EventType "swiss"]
[EventCountry "IND"]
[SourceTitle "playchess.com"]
[Source "ChessBase"]
[SourceQuality "1"]
[TimeControl "5400+30"]

1. Nf3 {[%emt 0:02:03]} Nf6 {[%emt 0:01:00]} 2. c4 {[%emt 0:00:05]} c6 {[%emt 0:02:50]} 3. d4 {[%emt 0:00:09]} d5 {[%emt 0:00:10]} 4. Qc2 {[%emt 0:00:05]} g6 {[%emt 0:02:21]} 5. Bf4 {[%emt 0:00:06]} Bg7 {[%emt 0:02:12]} 6. e3 {[%emt 0:00:11]} O-O {[%emt 0:00:43]} 7. Nc3 {[%emt 0:00:39]} Na6 {[%emt 0:09:34]} 8. Be2 {[%emt 0:10:09]} Nb4 {[%emt 0:05:57]} 9. Qb3 {[%emt 0:01:37]} a5 {[%emt 0:00:08]} 10. O-O {[%emt 0:05:17]} dxc4 {[%emt 0:03:32]} 11. Bxc4 {[%emt 0:01:08]} b5 {[%emt 0:00:10]} 12. Be2 {[%emt 0:01:15]} Be6 {[%emt 0:00:08]} 13. Qd1 {[%emt 0:00:07]} Nbd5 {[%emt 0:12:24]} 14. Nxd5 {[%emt 0:01:56]} Bxd5 {[%emt 0:00:41]} 15. h3 {[%emt 0:11:47]} Qb6 {[%emt 0:02:10]} 16. Qc2 {[%emt 0:02:19]} Be4 {[%emt 0:03:36]} 17. Qc1 {[%emt 0:04:06]} Rac8 {[%emt 0:02:19]} 18. Nd2 {[%emt 0:00:39]} c5 {[%emt 0:11:07]} 19. Nxe4 {[%emt 0:00:16]} Nxe4 {[%emt 0:00:07]} 20. d5 {[%emt 0:02:46]} c4 {[%emt 0:00:51]} 21. Qc2 {[%emt 0:00:15]} Nd6 {[%emt 0:04:30]} 22. Rac1 {[%emt 0:03:32]} c3 {[%emt 0:06:33]} 23. bxc3 {[%emt 0:01:50]} Rxc3 {[%emt 0:00:16]} 24. Qb1 {[%emt 0:00:20]} b4 {[%emt 0:00:52]} 25. Rxc3 {[%emt 0:00:33]} Bxc3 {[%emt 0:00:09]} 26. Qd3 {[%emt 0:02:14]} Rc8 {[%emt 0:06:46]} 27. e4 {[%emt 0:04:52]} Bd4 {[%emt 0:04:12]} 28. e5 {[%emt 0:00:57]} Nf5 {[%emt 0:02:51]} 29. Bg4 {[%emt 0:04:17]} Rc3 {[%emt 0:02:11]} 30. Qe4 {[%emt 0:00:08]} Ng3 {[%emt 0:09:56]} 31. Bxg3 {[%emt 0:00:15]} Rxg3 {[%emt 0:00:04]} 32. d6 {[%emt 0:04:33]} exd6 {[%emt 0:00:30]} 33. e6 {[%emt 0:00:30]} fxe6 {[%emt 0:00:30]} 34. Qxe6+ {[%emt 0:00:30]} Kf8 {[%emt 0:00:30]} 35. Qc8+ {[%emt 0:00:30]} Kg7 {[%emt 0:00:30]} 36. Qd7+ {[%emt 0:00:30]} Kh6 {[%emt 0:00:30]} 37. Qe7 {[%emt 0:09:29]} Rc3 {[%emt 0:02:39]} 1-0

[Event "12th Chennai Open 2020"]
[Site "Chennai"]
[Date "2020.01.20"]
[Round "4.12"]
[White "Muthaiah AL"]
[Black "Goganov, Aleksey"]
[Result "0-1"]
[WhiteElo "2367"]
[BlackElo "2583"]
[Annotator "TA"]
[PlyCount "104"]
[EventDate "2020.01.19"]
[EventType "swiss"]
[EventCountry "IND"]
[SourceTitle "playchess.com"]
[Source "ChessBase"]
[SourceQuality "1"]

{[%evp 14,104,2,5,2,18,14,6,14,2,19,0,0,0,0,-14,-7,-46,-49,-66,-54,-70,-36,-36,-35,-34,-37,-21,-31,-28,-18,-33,-33,-37,-33,-36,-32,-38,-20,-54,-20,-53,-43,-60,-32,-60,-60,-66,-37,-53,-43,-52,-52,-146,-134,-139,-123,-207,-215,-202,-217,-217,-209,-204,-191,-202,-175,-241,-239,-287,-294,-281,-282,-278,-270,-273,-293,-614,-623,-612,-596,-662,-655,-652,-641,-586,-580,-4618,-4562,-2502,-1907,-1277,-1277]} 1. Nf3 c5 2. c4 Nc6 3. Nc3 Nf6 4. g3 d5 5. cxd5 Nxd5 6. Bg2 Nc7 7. d3 e5 8. Nd2 Be7 {A34: Symmetrical English: 2 Nc3, lines with ...d5} 9. Nc4 f6 10. f4 exf4 {The position is equal.} 11. Bxf4 O-O 12. Bxc7 $146 ({Predecessor:} 12. Rc1 Be6 13. Ne3 Bf7 14. Nf5 Ne6 15. O-O Re8 16. Kh1 {½-½ (41) Dubov,D (2658)-Levin,E (2524) Sochi 2017}) 12... Qxc7 13. Nd5 Qd8 14. O-O Be6 15. e4 Bd6 16. Rc1 Rc8 17. Kh1 Be5 (17... Nd4 {with more complications.} 18. Qd2 b6 19. Qf2 Nc6 20. a3 Re8) 18. Nxe5 Nxe5 19. d4 cxd4 20. Rxc8 Bxc8 21. Qxd4 a6 22. h3 Bd7 23. Qc5 Kh8 24. Kh2 h6 25. Rd1 Re8 26. b4 Qc8 27. Nc7 Rg8 28. Qd6 Qf8 29. Qb6 Qf7 30. Nd5 Bc6 31. Qd4 Re8 32. Rd2 Qh5 33. Nf4 (33. Nc7 $15) 33... Nf3+ $17 34. Kh1 Qb5 ({Not} 34... Rxe4 35. Qd8+ (35. Nxh5 {leads to mate.} Re1+ 36. Bf1 Rxf1+ 37. Kg2 Nxd2+ {[%mdl 64] Discovered Attack} 38. Qd5 Bxd5+ 39. Kh2 Rh1#) 35... Kh7 36. Qd3 $16 (36. Nxh5 Re1+ 37. Bf1 Rxf1+ 38. Kg2 Nxd2+ {[%mdl 64] Discovered Attack} 39. Qd5 Bxd5+ 40. Kh2 Rh1#)) 35. Bxf3 (35. a4 $17 {was worth a try.} Nxd4 36. axb5 Nxb5 37. Nd5) 35... Qf1+ $19 {[%mdl 64] [#] Double Attack} 36. Kh2 {Hoping for Rf2.} Qxf3 $40 {[%mdl 128] Black wants a kill.} 37. Rd3 Qxe4 38. Qxe4 Rxe4 {[%mdl 4096] Endgame KRB-KRN} 39. a3 Kg8 40. h4 (40. Kg1 $142) 40... g5 41. hxg5 hxg5 ({Don't do} 41... fxg5 42. Nh5 $19) 42. Nd5 Re2+ 43. Kg1 Kf7 44. Kf1 Ra2 {[#] Threatens to win with ...Bb5.} 45. Ke1 $2 (45. Nc7) 45... Bxd5 {Black is clearly winning.} 46. Rxd5 Rxa3 {KR-KR} 47. Rd7+ Kg6 48. Kf2 b5 49. Rd6 Kf5 50. Rb6 Kg4 51. Rxf6 Ra2+ 52. Ke3 Kxg3 {Accuracy: White = 30%, Black = 72%.} 0-1

[Event "12th Chennai Open 2020"]
[Site "Chennai"]
[Date "2020.01.20"]
[Round "4.13"]
[White "Ameir, Moheb"]
[Black "Rozum, Ivan"]
[Result "1-0"]
[WhiteElo "2363"]
[BlackElo "2573"]
[Annotator "TA"]
[PlyCount "93"]
[EventDate "2020.01.19"]
[EventType "swiss"]
[EventCountry "IND"]
[SourceTitle "playchess.com"]
[Source "ChessBase"]
[SourceQuality "1"]

{[%evp 18,93,33,14,24,18,34,34,35,31,38,45,43,24,45,56,64,59,61,69,68,62,68,63,47,66,189,188,187,204,190,119,124,112,126,130,127,115,112,126,146,136,146,146,152,148,149,150,152,139,157,157,161,141,166,152,187,178,192,192,247,189,243,247,245,249,275,279,364,359,501,501,515,513,506,509,509,481]} 1. e4 c5 2. Nf3 e6 3. d4 cxd4 4. Nxd4 Nc6 5. Nb5 d6 6. c4 Nf6 7. N1c3 a6 8. Na3 Be7 9. Be2 b6 10. O-O Bb7 {B44: Sicilian: Taimanov: 5 Nb5} 11. Be3 Ne5 (11... Nb8 12. f3 Nbd7 13. Qd2 O-O 14. Rfd1 Qc7 15. Rac1 Rac8 16. Bf1 Qb8 17. Kh1 Rfe8 18. Bf4 Ne5 19. Qf2 Ba8 20. Be3 Bd8 21. Na4 Ned7 22. Nc3 Bc7 23. Qg1 {½-½ (23) Steingrimsson,H (2549)-Leitao,R (2606) Selfoss 2019}) 12. f4 Ned7 {White is slightly better.} 13. Bf3 Qc7 14. Rc1 Rc8 15. Qe2 Qb8 $146 ({Predecessor:} 15... Nc5 16. Bf2 O-O 17. Nab1 Qb8 18. Nd2 {0-1 (29) Tomba,I (2022)-Sbarra,M (2285) Bratto 2000}) 16. Nab1 Qa8 {[%cal Rf6e4]} 17. Nd2 O-O 18. g4 Nc5 {[%cal Rf6e4]} 19. Bf2 d5 20. exd5 $1 exd5 21. g5 ({And not} 21. Qxe7 Rfe8 $17) 21... Rfe8 (21... Nfe4 $14) 22. gxf6 $18 Bxf6 23. Qd1 {[%cal Rc3d5]} dxc4 24. Bxc5 (24. Bxb7 $18 Qxb7 25. Nxc4) 24... Rxc5 $16 25. Bxb7 Qxb7 26. Qf3 Qxf3 27. Nxf3 Rf5 28. Rfe1 {[%cal Re1e8] [#]} Kf8 29. Rxe8+ Kxe8 30. Kf2 Bxc3 31. Rxc3 Rxf4 {[%mdl 4096] Endgame [#] KRN-KR} 32. Kg3 $1 {[%cal Rg3f4]} Re4 33. Nd2 Re2 34. Nxc4 Kd8 35. Rd3+ ({But not} 35. Nxb6 Rxb2 36. Rc8+ Ke7 $16) 35... Kc7 36. Rd2 Re1 37. Rc2 f6 38. Ne3+ Kd7 (38... Kb8 {was called for.}) 39. Kf2 Rb1 (39... Ra1 $142 40. b3 b5) 40. Nd5 $18 b5 41. Nc7 g5 42. Nxa6 f5 43. Nc7 h5 44. Nxb5 {White is clearly winning.} Rh1 45. Kg2 Rd1 46. Nc3 Rd3 47. a4 {Accuracy: White = 96%, Black = 39%.} 1-0

[Event "12th Chennai Open 2020"]
[Site "Chennai"]
[Date "2020.01.20"]
[Round "4.14"]
[White "Senthil Maran K"]
[Black "David, Alberto"]
[Result "0-1"]
[WhiteElo "2328"]
[BlackElo "2562"]
[Annotator "TA"]
[PlyCount "80"]
[EventDate "2020.01.19"]
[EventType "swiss"]
[EventCountry "IND"]
[SourceTitle "playchess.com"]
[Source "ChessBase"]
[SourceQuality "1"]

{[%evp 17,103,31,32,18,39,10,8,8,0,18,0,4,18,41,45,0,10,-34,0,0,0,0,0,0,0,-69,-59,-61,-75,-173,-120,-227,-145,-231,-78,-161,-120,-116,-115,-111,-115,-87,-104,-161,-160,-210,-204,-195,-146,-123,-125,-291,-295,-277,-250,-266,-272,-318,-229,-362,-202,-354,-341,-512,-370,-510,-486,-604,-620,-1137,-1121,-1082,-1043,-811,-800,-1024,-1006,-4702,-274,-2894,-2356,-2546,-2546,-29992,-29989,-29986,-29987,-29986]} 1. Nf3 g6 2. d4 Bg7 3. e4 d6 4. Bc4 Nf6 5. Qe2 c6 6. e5 dxe5 7. dxe5 Nd5 8. O-O O-O 9. h3 b5 10. Bb3 {B04: Alekhine's Defence: 4 Nf3} Qb6 11. Qe4 $146 ({Predecessor:} 11. a4 bxa4 12. Rxa4 Ba6 13. Bc4 Bb5 14. Ra1 Na6 15. Na3 Nac7 16. Bd3 Bxd3 17. Qxd3 Ne6 {½-½ (30) De la Villa Garcia,J (2457)-Burmakin,V (2581) Benasque 2007}) 11... Nd7 12. e6 {The position is equal.} ({Much worse is} 12. Bxd5 cxd5 13. Qf4 (13. Qxd5 Nxe5 14. Nxe5 Bb7 $17) 13... Bb7 $15) 12... Nc5 13. exf7+ $1 Rxf7 14. Qh4 Rxf3 15. gxf3 Bf5 16. c3 (16. Nc3 $5 {[%cal Rc3d5]} Nxb3 17. Nxd5 cxd5 18. axb3 $14) 16... e6 ({Reject} 16... Nxb3 17. axb3 e5 18. Re1 $16) 17. Bg5 a5 {[%cal Ba7a5,Ba5a4][%mdl 32]} 18. Nd2 a4 19. Bxd5 $1 cxd5 20. Be3 {And now b4 would win.} Qc6 21. Bd4 (21. Bxc5 $11 Qxc5 22. a3) 21... Nd3 $15 {Hoping for ...e5.} 22. Bxg7 Kxg7 23. Rab1 (23. Rfe1 $17) 23... Rf8 (23... Qc7 $19 24. Kh1 Kg8) 24. Rfd1 (24. Rfe1 $17) 24... Qd6 25. Ne4 (25. Re1 $17 {is a better defense.}) 25... Bxe4 $2 (25... Qf4 $1 $19 {[%cal Rf4h4]} 26. Qxf4 Nxf4) 26. fxe4 (26. Rxd3 $17 Rf4 27. Qxf4 Qxf4 28. fxe4) 26... Rxf2 {[%csl Gf2][%cal Rd6h2]} 27. e5 Qxe5 $40 {[%csl Gf2][%cal Re5h2][%mdl 128] Black goes for the king.} 28. Qd4 Qxd4 29. cxd4 $17 {[%mdl 4096] Endgame KRR-KRN} Rf3 30. Kg2 {[#]} (30. h4 $17) 30... Re3 $1 $19 31. Rf1 g5 32. h4 h6 33. hxg5 hxg5 34. a3 $2 {[#]} (34. Rbd1 $17 {was necessary.}) 34... Nf4+ $1 35. Kh1 Rh3+ 36. Kg1 Rb3 37. Kh1 Kg6 38. Rfc1 (38. Rbe1 {was called for.}) 38... Rh3+ 39. Kg1 Kf5 40. Rc5 (40. Re1 $142) 40... Ne2+ {Played: Rh3-b3} 0-1

[Event "12th Chennai Open 2020"]
[Site "Chennai"]
[Date "2020.01.20"]
[Round "4.15"]
[White "Yudin, Sergei"]
[Black "Rathnakaran, K.."]
[Result "1-0"]
[WhiteElo "2508"]
[BlackElo "2329"]
[Annotator "TA"]
[PlyCount "67"]
[EventDate "2020.01.19"]
[EventType "swiss"]
[EventCountry "IND"]
[SourceTitle "playchess.com"]
[Source "ChessBase"]
[SourceQuality "1"]

{[%evp 28,67,0,0,33,41,48,41,49,49,75,57,118,110,138,140,141,138,202,154,214,205,180,107,99,107,151,145,150,139,293,281,310,275,283,264,308,302,847,812,1014,977]} 1. e4 e6 2. d4 d5 3. Nd2 Nf6 4. e5 Nfd7 5. Bd3 c5 6. c3 Nc6 7. Ne2 cxd4 8. cxd4 f6 9. exf6 Nxf6 10. O-O Bd6 11. Nf3 Qc7 12. Nc3 a6 13. h3 O-O 14. Be3 Bd7 15. Rc1 Rae8 {[%cal Ba8e8,Be8e7,Be7g7][%mdl 32] C06: French Tarrasch: 3...Nf6 4 e5 Nfd7 5 Bd3 main lines} (15... Rad8 16. Na4 Qb8 17. Nc5 Bxc5 18. Rxc5 Ne4 19. Bxe4 dxe4 20. Ng5 h6 21. Nxe4 b6 22. Rh5 Be8 23. Rxh6 gxh6 {1-0 (39) Nisipeanu,L (2670)-Parvanyan,A (2426) Skopje 2019}) 16. Na4 Re7 17. Ne5 Be8 {White is slightly better.} 18. f4 Nh5 $146 ({Predecessor:} 18... Qa5 19. Nc3 Bb8 20. a3 Ba7 21. Bb1 Nxe5 22. fxe5 Nd7 23. Qg4 Rxf1+ 24. Rxf1 {0-1 (48) Feher,G (2360)-Huch,R (2155) Passau 1996}) 19. a3 g5 (19... Qd8 $14) 20. Qg4 $16 (20. fxg5 $6 Rxf1+ 21. Bxf1 (21. Qxf1 Bxe5 22. dxe5 Qxe5 $15) 21... Bxe5 $11) 20... Nf6 21. Qxg5+ Rg7 22. Qh4 $1 Be7 (22... Qe7 $16 {was necessary.} 23. Nc3 Nh5 24. Qxe7 Bxe7) 23. Qe1 Kh8 (23... Ne4 $16 {might work better.} 24. Bxe4 dxe4) 24. Nc5 $18 Rfg8 25. Rc2 ({White should try} 25. Nxe6 $18 Rxg2+ 26. Kh1) 25... Bxc5 $16 26. dxc5 {Nxc6 is the strong threat.} d4 27. Bc1 $1 Nxe5 28. Qxe5 Qd8 $2 (28... Qxe5 $16 {keeps fighting.} 29. fxe5 Nd5) 29. f5 ({And not} 29. Qxe6 Bc6 $15) 29... Bc6 {[%cal Rg7g2]} 30. Rff2 $1 Nd7 31. Qxd4 (31. Qxe6 Bxg2 32. Rxg2 Nxc5 $16) 31... e5 {[#]} 32. Qd6 $1 Nxc5 $2 (32... Nf6) 33. Qxc5 $18 Qxd3 {[#]} 34. Bh6 $1 {Accuracy: White = 76%, Black = 37%.} ({Inferior is} 34. f6 Qd1+ 35. Kh2 Rg3 $11) 1-0

[Event "12th Chennai Open 2020"]
[Site "Chennai"]
[Date "2020.01.20"]
[Round "4.16"]
[White "Srihari L R"]
[Black "Rios, Cristhian Camilo"]
[Result "1-0"]
[WhiteElo "2302"]
[BlackElo "2498"]
[Annotator "TA"]
[PlyCount "75"]
[EventDate "2020.01.19"]
[EventType "swiss"]
[EventCountry "IND"]
[SourceTitle "playchess.com"]
[Source "ChessBase"]
[SourceQuality "1"]

{[%evp 14,75,24,35,19,12,32,33,19,10,16,11,21,21,17,25,25,25,25,22,22,22,22,22,25,17,20,19,75,75,80,79,83,71,73,73,89,45,151,48,138,134,153,153,151,160,149,126,400,352,428,228,2439,2364,29983,29984,29984,29985,29985,12827,29986,29987,29987,29987]} 1. Nf3 d5 2. g3 g6 3. Bg2 Bg7 4. d4 Nf6 5. O-O O-O 6. c4 c5 7. dxc5 dxc4 8. Na3 c3 {D77: Fianchetto Grünfeld: 6 0-0: Replies other than 6...c6} 9. Nb5 cxb2 10. Bxb2 Bd7 {White is slightly better.} 11. Nfd4 $146 ({Predecessor:} 11. Qb3 Bc6 12. Rfd1 Qc8 13. Rac1 Nbd7 14. Nbd4 Bd5 15. Qa3 Re8 16. c6 {1-0 (28) Kramnik,V (2809)-Topalov,V (2760) London 2016}) 11... Qc8 12. Qb3 Nc6 13. Rfd1 Nxd4 14. Nxd4 Qxc5 15. Ba3 Qa5 {Hoping for ...Ba4.} 16. Bxe7 Rfe8 $1 {[%cal Re8e7]} 17. Bxf6 Bxf6 18. Qxb7 Rad8 {Strongly threatening ...Ba4.} 19. e3 Ba4 20. Rd3 Bxd4 (20... Bb5 $11 {remains equal.} 21. Nb3 Qa6 22. Qxa6 Bxa6 23. Rxd8 Rxd8) 21. Rxd4 $16 Rxd4 22. exd4 Qc3 23. Rb1 Qxd4 {[#]} 24. Bd5 $1 {[%mdl 512]} Rf8 25. Rb4 Qd1+ 26. Kg2 a6 (26... Bc2 $14) 27. Rf4 $36 {[%cal Rd5f7][%mdl 2048] White is in control.} Bb5 {( -> ...Bf1+)} 28. h4 {[%cal Rd5f7]} Be8 29. Kh2 a5 30. a4 Qe1 $2 {[%mdl 8192]} (30... Qh5 $16 31. Qa8 g5) 31. Qc7 $18 Kg7 {[#]} 32. Kg2 (32. h5 $142 $1 {[%mdl 512]} Qe2 (32... gxh5 33. Be4) 33. Qc3+ (33. Qxa5 Qxh5+ 34. Rh4 Qe2 $16) 33... f6 34. Qc7+ (34. Qxa5 Qxh5+ 35. Rh4 Qf5 $16) 34... Bf7 {[#]} 35. h6+ $1 {[%mdl 512]} Kg8 36. Bxf7+ Rxf7 37. Qb8+ Rf8 38. Qa7) 32... Qd2 $2 (32... h5 33. Kh2 Qe2 34. Qxa5 Qe5) 33. Qe5+ Kg8 34. h5 gxh5 35. Qg5+ Kh8 36. Qf6+ Kg8 37. Rf5 h6 38. Rxh5 {Accuracy: White = 80%, Black = 52%.} 1-0

[Event "12th Chennai Open 2020"]
[Site "Chennai"]
[Date "2020.01.20"]
[Round "4.17"]
[White "Vasquez Schroeder, Rodrigo"]
[Black "Murali Krishnan B T"]
[Result "1/2-1/2"]
[WhiteElo "2487"]
[BlackElo "2202"]
[Annotator "TA"]
[PlyCount "110"]
[EventDate "2020.01.19"]
[EventType "swiss"]
[EventCountry "IND"]
[SourceTitle "playchess.com"]
[Source "ChessBase"]
[SourceQuality "1"]

{[%evp 21,110,19,30,19,24,2,0,-4,0,0,0,0,-3,-12,-18,-21,-4,-32,-19,-19,-9,-23,-19,-29,-17,-22,0,-29,-35,-31,-26,-23,-29,-30,0,-15,-25,-22,-15,-33,0,0,0,0,0,4,10,0,0,0,0,0,0,0,-2,-5,-4,-4,-4,-5,-2,-2,0,0,0,0,0,0,0,0,0,0,0,0,0,0,0,0,0,0,0,0,0,0,0,0,0,0,0,0,0]} 1. c4 e6 2. d4 d5 3. Nc3 Nf6 4. cxd5 exd5 5. Bg5 c6 6. e3 Be7 7. Qc2 Nbd7 8. Bd3 h6 9. Bh4 Nh5 10. Bxe7 Qxe7 11. Nge2 Nb6 12. h3 {D36: Queen's Gambit Declined: Exchange Variation: Main line (5 Bg5 c6 6 Qc2)} (12. O-O O-O 13. Rae1 Be6 14. Nc1 Rad8 15. Nb3 Rfe8 16. Nc5 Bc8 17. b4 Nc4 18. Qe2 Qg5 19. f4 Qh4 20. Bxc4 dxc4 {0-1 (37) Navara,D (2724)-Adams,M (2740) Biel 2015}) 12... Bd7 13. g4 Nf6 14. O-O-O O-O-O 15. Kb1 Kb8 16. Ng3 g6 17. Rhe1 Qd6 {[#]} 18. Nge2 $146 ({Predecessor:} 18. f4 Rde8 19. Qf2 h5 {1-0 (46) Chatalbashev,B (2537)-Lain,L (2164) Lido Estensi 2002}) 18... h5 19. f3 hxg4 20. hxg4 Rde8 21. Nc1 Rh2 22. Rd2 Rh3 23. Rf2 Nh7 24. Qd2 (24. Bf1 $5 {[%cal Rf1h3]} Rh1 25. Nd3 $11) 24... Ng5 25. Ref1 Qe7 26. Nd1 Qf6 {[%cal Rg5f3]} 27. Be2 Qe7 28. b3 f5 29. gxf5 Bxf5+ 30. Kb2 Ne6 31. Bd3 {The position is equal.} Rh4 32. Rh2 Reh8 33. Rfh1 Qf6 34. Bxf5 gxf5 35. Nd3 Rxh2 ({But not} 35... Nxd4 $2 36. exd4 Qxd4+ 37. Kc2 $18) 36. Rxh2 c5 37. Rxh8+ Qxh8 38. Ne5 f4 39. Ng6 fxe3 40. Nxh8 exd2 41. dxc5 Nxc5 $11 {[%mdl 4096] Endgame KNN-KNN} 42. Kc3 a5 43. Kxd2 d4 44. Nb2 Nd5 45. Nd3 b6 46. Nxc5 bxc5 {KN-KN} 47. Nf7 Kc7 48. Ne5 Nb6 49. a4 Kd6 50. f4 Nd5 51. Nc4+ Ke6 52. Nxa5 Nxf4 53. Nb7 Kd5 54. Na5 $1 Ng6 55. Nc4 Ne5 {Accuracy: White = 64%, Black = 77%.} 1/2-1/2

[Event "12th Chennai Open 2020"]
[Site "Chennai"]
[Date "2020.01.20"]
[Round "4.18"]
[White "Rohith Krishna S"]
[Black "Lugovskoy, Maxim"]
[Result "1/2-1/2"]
[WhiteElo "2289"]
[BlackElo "2453"]
[Annotator "TA"]
[PlyCount "111"]
[EventDate "2020.01.19"]
[EventType "swiss"]
[EventCountry "IND"]
[SourceTitle "playchess.com"]
[Source "ChessBase"]
[SourceQuality "1"]

{[%evp 19,111,27,34,-18,-20,-36,-10,-6,-14,-10,0,0,0,0,6,8,62,58,64,56,60,54,63,59,94,25,68,42,62,8,15,15,11,7,17,15,15,15,15,15,15,15,15,15,15,15,18,15,15,15,15,15,17,15,31,15,52,31,137,121,1090,141,6083,140,504,125,492,96,89,3,3,0,3,3,6,0,0,0,0,0,0,0,0,0,0,0,0,0,0,0,0,0,0,0]} 1. d4 d5 2. c4 e6 3. Nc3 Nf6 4. Nf3 Nbd7 5. cxd5 exd5 6. Qc2 c6 7. Bf4 Be7 8. e3 O-O 9. Bd3 Re8 10. O-O Nf8 11. Ne5 {D35: Queen's Gambit Declined: Exchange Variation} (11. h3 $14) 11... Nh5 $11 (11... Be6 12. h3 N6d7 13. Rab1 Nxe5 14. Bxe5 Bd6 15. Bxd6 Qxd6 16. b4 Bd7 17. Ne2 {½-½ (41) Sedlak,N (2549)-Milov,V (2647) Ajaccio 2006}) 12. Bg3 Bd6 13. Nf3 Nxg3 14. hxg3 Bg4 15. e4 $146 ({Predecessor:} 15. Nh2 Bh5 16. Rae1 Bg6 17. Bxg6 Nxg6 18. f4 Ne7 {1-0 (45) Purenne,B (2006)-Duboue,P (2156) Caen 2011}) 15... dxe4 16. Bxe4 h5 17. d5 Bxf3 (17... Rc8 $11) 18. Bxf3 $14 h4 19. gxh4 $1 cxd5 20. Bxd5 Qxh4 {[%csl Gd6][%cal Rh4h2] [#]} 21. g3 Qh5 22. Qd1 (22. Kg2 $16) 22... Qg6 23. Be4 Qf6 24. Qf3 (24. Bxb7 $14 Rad8 25. Qf3) 24... Be5 $11 25. Bxb7 Rab8 26. Rab1 Red8 27. Qxf6 Bxf6 28. Bf3 Rd2 29. Ne4 Rdxb2 30. Nxf6+ gxf6 31. Rxb2 Rxb2 {[%mdl 4096] Endgame KRB-KRN} 32. Bd5 Rd2 33. Bb3 Ne6 34. Rd1 Rxd1+ 35. Bxd1 {KB-KN} Kf8 36. f4 Ke8 37. Kf2 Nd4 38. g4 f5 ({Black should play} 38... Ne6 $14) 39. Ke3 Nb5 $2 {[%mdl 8192]} (39... Ne6 $16) 40. g5 $2 (40. Ba4 $18) 40... f6 $2 {[%mdl 8192]} (40... Kf8 $16) 41. Bb3 $2 (41. Ba4 $18 a6 42. Bxb5+ axb5 43. g6) 41... Nd6 $2 {[%mdl 8192]} (41... fxg5 $16 42. fxg5 Kf8) 42. Bd5 $2 (42. gxf6 $18 {and the rest is easy. Threatens to win with Bd5.} Ne4 43. f7+ Kf8 44. Kd4) 42... Nc8 $2 {[%mdl 8192]} (42... Ke7 $16 {is more resistant.}) 43. Bc4 $2 (43. gxf6 $18 {has better winning chances. And now Kd4 would win.} Kd7 44. Kd4) 43... Nd6 $16 44. Bd3 (44. Be6 $16) 44... Kf7 $11 {The position is equal.} 45. gxf6 Kxf6 46. Kd4 Ne8 47. Kc5 Ng7 48. Kb5 Ne6 49. Bf1 Nxf4 50. Ka6 Nd5 51. a4 f4 52. Kxa7 f3 53. a5 {[#] Hoping for Kb7.} Ke5 54. Kb7 {a6 is the strong threat.} Nb4 55. a6 Nxa6 $1 56. Kxa6 {Accuracy: White = 36%, Black = 32%.} 1/2-1/2